000 00567nam a2200205Ia 4500
005 20250326143538.0
008 250326s9999 xx 000 0 und d
020 _a81-203-2706-3
037 _aTextbook
040 _aFMSL
_beng
_cFMSL
041 _aeng
_2eng
084 _aSNIObX:8 P5
_qFMSL
100 _aRobbins S P
_9308447
245 0 _aEssentials of organizational behavior
_cRobbins S P
250 _a8
260 _aNew Delhi
_bNew Delhi, Prentice Hall
_c2005
300 _a330p
942 _cTB
_hSNIObX:8 P5
999 _c1300037
_d1300037